Hoá học đại cương 2 : Cơ sở lí thuyết các quá trình hóa học

সংরক্ষণ করুন:
গ্রন্থ-পঞ্জীর বিবরন
প্রধান লেখক: Trần, Hiệp Hải
বিন্যাস: গ্রন্থ
ভাষা:Undetermined
প্রকাশিত: Hà Nội Đại học sư phạm 2004
বিষয়গুলি:
ট্যাগগুলো: ট্যাগ যুক্ত করুন
কোনো ট্যাগ নেই, প্রথমজন হিসাবে ট্যাগ করুন!
Thư viện lưu trữ: Trung tâm Học liệu Trường Đại học Cần Thơ
LEADER 00654nam a2200205Ia 4500
001 CTU_99444
008 210402s9999 xx 000 0 und d
020 |c 31000 
082 |a 541 
082 |b H103 
100 |a Trần, Hiệp Hải 
245 0 |a Hoá học đại cương 2 : 
245 0 |b Cơ sở lí thuyết các quá trình hóa học 
245 0 |c Trần Hiệp Hải, Vũ Ngọc Ban, Trần Thành Huế (chủ biên) 
260 |a Hà Nội 
260 |b Đại học sư phạm 
260 |c 2004 
650 |a Chemistry 
904 |i Tuyến 
980 |a Trung tâm Học liệu Trường Đại học Cần Thơ